MARC

Tag First Indicator Second Indicator Subfields
LEADER 00000cam a22000005u 4500
001 in00002787517
005 20190331170717.0
006 m o d
007 cr nn 008mam|a
008 081009t2008 gw fo || 0 0 |||||
020 |a 9780784407899 
035 |a (American Society of Civil Eng)10.1061/9780784407899 
040 |d UtOrBLW 
245 0 0 |a Waste Containment and Remediation /  |c Edited by Akram Alshawabkeh, Craig H. Benson, Patricia J. Culligan, Jeffrey C. Evans, Beth A. Gross, Dhani Narejo, Krishna R. Reddy, Charles D. Shackelford, Jorge G. Zornberg. 
264 1 |a Reston, VA :  |b American Society of Civil Engineers,  |c 2008. 
300 |a 1 online resource. 
336 |a text  |b txt  |2 rdacontent 
337 |a computer  |b c  |2 rdamedia 
338 |a online resource  |b cr  |2 rdacarrier 
490 1 |a Geotechnical Special Publications 
500 |a Electronic resource. 
653 |a Proceedings  |a Geo-Institute (G-I)  |a Geotechnics  |a Geomaterials and geosynthetics  |a Solid waste management  |a Remediation 
655 7 |a Electronic books.  |2 local 
700 1 |a Alshawabkeh, Akram. 
700 1 |a Benson, Craig H. 
700 1 |a Culligan, Patricia J. 
700 1 |a Evans, Jeffrey C. 
700 1 |a Gross, Beth A. 
700 1 |a Narejo, Dhani. 
700 1 |a Reddy, Krishna R. 
700 1 |a Shackelford, Charles D. 
700 1 |a Zornberg, Jorge G. 
730 0 |a ASCE Library. 
830 0 |a Geotechnical Special Publications. 
856 4 0 |u http://proxy.library.tamu.edu/login?url=http://ascelibrary.org/action/showBook?doi=10.1061%2F9780784407899  |z Connect to the full text of this electronic book  |t 0 
999 |a MARS 
999 f f |s 6c5a24ae-098c-323a-9024-14568c9559eb  |i 4db0fae7-a5a7-37aa-82c2-3295deec5fe0  |t 0 
952 f f |a Texas A&M University  |b College Station  |c Electronic Resources  |d Available Online  |t 0  |h No information provided 
998 f f |t 0  |l Available Online